Психолінгвістичний аналіз неологізмів (Запис № 283990)
[ простий вигляд ]
| 000 -LEADER | |
|---|---|
| fixed length control field | 01348nam a22001577a 4500 |
| 041 ## - LANGUAGE CODE | |
| Language code of text/sound track or separate title | ukr |
| 080 ## - UNIVERSAL DECIMAL CLASSIFICATION NUMBER | |
| Universal Decimal Classification number | 09 |
| 090 ## - LOCALLY ASSIGNED LC-TYPE CALL NUMBER (OCLC); LOCAL CALL NUMBER (OCLC) | |
| Local cutter number (OCLC) ; Book number/undivided call number, CALL (RLIN) | БАШ |
| 100 ## - MAIN ENTRY--PERSONAL NAME | |
| Personal name | Башинський М.А. |
| 245 ## - TITLE STATEMENT | |
| Title | Психолінгвістичний аналіз неологізмів |
| 260 ## - PUBLICATION, DISTRIBUTION, ETC. (IMPRINT) | |
| Place of publication, distribution, etc | Острог |
| Name of publisher, distributor, etc | КАФ |
| Date of publication, distribution, etc | 2008 |
| 300 ## - PHYSICAL DESCRIPTION | |
| Extent | 58 |
| 520 ## - SUMMARY, ETC. | |
| Summary, etc | Вступ.<br/>Розділ 1. Теоретичні засади вивчення неологізмів.<br/>1.1. Стан дослідження англійських неологізмів кінця XX ст. різними лінгвістами.<br/>1.2. Неологічна картина світу англомовного суспільства кінця XX століття.<br/>1.3. Неологізми як одне з явищ маніпулятивного впливу на свідомість людини.<br/>1.4. Проблема терміну "неологізм".<br/>Розділ 2. Аналіз неологізмів різних когнітивних категорій .<br/>2.1. Класифікація неологізмів та їх відповідних концептів.<br/>2.2. Способи творення неологізмів.<br/>2.3. Переклад неологізмів військової сфери.<br/>Висновки. |
| -- | неологізми |
| 650 ## - SUBJECT ADDED ENTRY--TOPICAL TERM | |
| Topical term or geographic name as entry element | Research Papers |
| 942 ## - ADDED ENTRY ELEMENTS (KOHA) | |
| Koha item type | Книги |
| Withdrawn status | Lost status | Source of classification or shelving scheme | Damaged status | Not for loan | Home library | Current library | Date acquired | Source of acquisition | Cost, normal purchase price | Total Checkouts | Full call number | Barcode | Date last seen | Price effective from | Koha item type |
|---|---|---|---|---|---|---|---|---|---|---|---|---|---|---|---|
| Universal Decimal Classification | ВІЛ - Відділ іноземн. літератури НБ | ВІЛ - Відділ іноземн. літератури НБ | 17/04/2009 | Акт №2 | 1.00 | 09 | 213608 | 15/12/2021 | 17/04/2009 | Книги |